000 01473nam a2200241Ia 4500
999 _c52934
_d52934
001 19964
003 GE_BSU
005 20190625193210.0
008 181216s1953|||| |||||||||||||| ||geo||
041 _ageo
080 _a81'374.3=353.1
245 _aქართული ენის განმარტებითი ლექსიკონი. ტ. 3 : დ - ე /
_cმთ. რედაქცია : გ. ახვლედიანი ; [და სხვ.] არნ. ჩიქობავას საერთო რედ: ტომის რედ : ვ. თოფურია.
264 _aთბილისი :
_bსაქ. სსრ მეცნ. აკად. გამ-ბა,
_c1953.
300 _a1536 გვ.:
_c27 სმ.
520 _aგაშლილი თავფურც. რუს. ენაზე.
653 _aქართული ენა
653 _aქართული ენის განმარტებითი ლექსიკონი. ტ. 3 : დ - ე
700 _aახვლედიანი, გ. [და სხვ.]
_eმთავარი რედაქცია
_92910
700 _aჩიქობავა, არნოლდის
_e საერთო რედაქციით
_92907
700 _aთოფურია, ვ
_e ტომის რედაქტორი
_91040
710 _aსაქ. სსრ მეცნ. აკადემია
_92911
942 _cBK
_2udc